<?xml version="1.0" encoding="UTF-8"?>
<record
    xmlns:xsi="http://www.w3.org/2001/XMLSchema-instance"
    xsi:schemaLocation="http://www.loc.gov/MARC21/slim http://www.loc.gov/standards/marcxml/schema/MARC21slim.xsd"
    xmlns="http://www.loc.gov/MARC21/slim">

  <leader>03892nam a2200349 a 4500</leader>
  <controlfield tag="003">OSt</controlfield>
  <controlfield tag="005">20250612093550.0</controlfield>
  <controlfield tag="007">cr ||||||a|c|a</controlfield>
  <controlfield tag="008">240814s2024    mx ||||fom||| 001 0 spa d</controlfield>
  <datafield tag="040" ind1=" " ind2=" ">
    <subfield code="e">rda</subfield>
  </datafield>
  <datafield tag="100" ind1="1" ind2=" ">
    <subfield code="a">Flores Castro, Alonso</subfield>
    <subfield code="9">189416</subfield>
  </datafield>
  <datafield tag="245" ind1="1" ind2="0">
    <subfield code="a">Evaluaci&#xF3;n de dosis comerciales para el control de Dactylopius coccus cockerell /</subfield>
    <subfield code="c">por Alonso Flores Castro; Jaime Alfredo Urz&#xFA;a Guti&#xE9;rrez; secretario Guillermo Mondragon Pedrero; vocal Santos Gerardo Leyva Mir; suplente J. Antonio Tafoya Razo; suplente Luis Emilio Castillo M&#xE1;rquez.</subfield>
  </datafield>
  <datafield tag="264" ind1=" " ind2="1">
    <subfield code="a">Chapingo, M&#xE9;xico :</subfield>
    <subfield code="b">El autor,</subfield>
    <subfield code="c">2024.</subfield>
  </datafield>
  <datafield tag="300" ind1=" " ind2=" ">
    <subfield code="a">1 recurso en l&#xED;nea ( 49 p&#xE1;ginas).</subfield>
  </datafield>
  <datafield tag="336" ind1=" " ind2=" ">
    <subfield code="2">rdacontent</subfield>
    <subfield code="a">texto</subfield>
    <subfield code="b">txt</subfield>
  </datafield>
  <datafield tag="337" ind1=" " ind2=" ">
    <subfield code="2">rdamedia</subfield>
    <subfield code="a">computadora</subfield>
    <subfield code="b">c</subfield>
  </datafield>
  <datafield tag="338" ind1=" " ind2=" ">
    <subfield code="2">rdacarrier</subfield>
    <subfield code="a">recurso en l&#xED;nea</subfield>
    <subfield code="b">cr</subfield>
  </datafield>
  <datafield tag="502" ind1=" " ind2=" ">
    <subfield code="b">IAEPA</subfield>
    <subfield code="c">Parasitolog&#xED;a</subfield>
    <subfield code="d">2024.</subfield>
    <subfield code="g">LIC</subfield>
  </datafield>
  <datafield tag="504" ind1=" " ind2=" ">
    <subfield code="a">Incluye referencias bibliogr&#xE1;ficas: p&#xE1;ginas 48-49.</subfield>
  </datafield>
  <datafield tag="520" ind1=" " ind2=" ">
    <subfield code="a">El nopal es una planta originaria de M&#xE9;xico que est&#xE1; presente desde la cultura prehisp&#xE1;nica hasta nuestros d&#xED;as, formando parte importante de la gastronom&#xED;a mexicana. Una de las principales plagas que ataca el cultivo es la granna-cochinilla (Dactylopius coccus) y a pesar de esto hay poca informaci&#xF3;n para su control siendo que ataca el nopal en todas sus etapas, por lo que en el presente trabajo se evaluaron los siguientes insecticidas dimetoato, Dioctil sulfosuccinato de sodio, deltametrina, ciantraniliprole y thiametoxan, en un experimento en bloques completamente al azar con cuatro repeticiones cada uno, con el objetivo de evaluar su eficiencia en el control sobre la colonias de cochinilla. Se evaluaron las siguientes dosis: 2.5g/L de producto comercial (p.c). para thiametoxan, 7.5ml/L de p.c. de dimetoato, 2.5 ml/L de p.c. de ciantraniliprole, 1.5 ml/l de p.c. de deltametrina, y 4 ml/L de p.c de dioctil sulfosuccinato de sodio; en todos los tratamientos se adiciono 2 ml de Index A como coadyuvante. Antes de aplicar los tratamientos se realizaron muestreos para determinar los niveles de infestaci&#xF3;n de la plaga y se seleccionaron cuatro pencas por tratamiento para aplicar el producto y evaluar a los siete d&#xED;as el efecto de los insecticidas. Los resultados obtenidos muestran diferencias significativas entre los tratamientos, siendo el dimetoato y el dioctil sulfosuccinato de sodio los dos tratamientos que tuvieron controles de entre 90-97%, pero a pesar de esto el dioctil sulfosuccinato de sodio a los siete d&#xED;as presento fitotoxicidad en el contorno de las pencas de nopal, por lo que pesar de ser una de las mejores opciones para el control se debe de tomar en cuenta que puede tener una repercusi&#xF3;n en la producci&#xF3;n de nopalitos para el productor, a pesar de esto este producto es m&#xE1;s amigable con el ambiente ya que es un producto con registro OMRI y actividad multi sitio, siendo la combinaci&#xF3;n de estos dos productos para un manejo integrado evitando as&#xED; la resistencia de las mol&#xE9;culas, ya que el dimetoato act&#xFA;a por contacto e ingesti&#xF3;n sobre el sistema nervioso y el dioctil sulfosuccinato de sodio act&#xFA;a por contacto disolviendo la capa cerosa que los protege as&#xED; como penetrando las lipoprote&#xED;nas de la cut&#xED;cula destruyendo el exoesqueleto.</subfield>
  </datafield>
  <datafield tag="650" ind1=" " ind2="4">
    <subfield code="a">Cochinilla del nopal</subfield>
    <subfield code="x">Control</subfield>
    <subfield code="9">129744</subfield>
  </datafield>
  <datafield tag="650" ind1=" " ind2="4">
    <subfield code="a">Nopal</subfield>
    <subfield code="x">Plagas</subfield>
    <subfield code="9">81689</subfield>
  </datafield>
  <datafield tag="650" ind1=" " ind2="4">
    <subfield code="a">Insecticidas</subfield>
    <subfield code="x">An&#xE1;lisis</subfield>
    <subfield code="9">58856</subfield>
  </datafield>
  <datafield tag="650" ind1=" " ind2="4">
    <subfield code="a">Insecticidas</subfield>
    <subfield code="x">Toxicidad</subfield>
    <subfield code="9">58882</subfield>
  </datafield>
  <datafield tag="700" ind1="1" ind2=" ">
    <subfield code="a">Urz&#xFA;a Guti&#xE9;rrez, Jaime Alfredo</subfield>
    <subfield code="9">117018</subfield>
    <subfield code="e">Director de tesis.</subfield>
  </datafield>
  <datafield tag="700" ind1="1" ind2=" ">
    <subfield code="a">Mondrag&#xF3;n Pedrero, Guillermo</subfield>
    <subfield code="9">77486</subfield>
    <subfield code="e">Secretario.</subfield>
  </datafield>
  <datafield tag="700" ind1="1" ind2=" ">
    <subfield code="a">Leyva Mir, Santos Gerardo</subfield>
    <subfield code="e">Vocal.</subfield>
    <subfield code="9">66581</subfield>
  </datafield>
  <datafield tag="700" ind1="0" ind2=" ">
    <subfield code="a">Tafoya Razo, Jos&#xE9; Antonio</subfield>
    <subfield code="e">Suplente.</subfield>
    <subfield code="9">111341</subfield>
  </datafield>
  <datafield tag="700" ind1="1" ind2=" ">
    <subfield code="a">Castillo M&#xE1;rquez, Luis Emilio</subfield>
    <subfield code="9">20176</subfield>
    <subfield code="e">Suplente.</subfield>
  </datafield>
  <datafield tag="856" ind1=" " ind2=" ">
    <subfield code="u">http://10.13.5.2/tesis/tl/1210709-7_FLORES_CASTRO_ALONSO.pdf</subfield>
    <subfield code="z">DESCARGAR PDF</subfield>
  </datafield>
  <datafield tag="942" ind1=" " ind2=" ">
    <subfield code="2">Clasificaci&#xF3;n Universidad Aut&#xF3;noma Chapingo</subfield>
    <subfield code="c">TD</subfield>
  </datafield>
  <datafield tag="999" ind1=" " ind2=" ">
    <subfield code="c">220076</subfield>
    <subfield code="d">220076</subfield>
  </datafield>
  <datafield tag="952" ind1=" " ind2=" ">
    <subfield code="0">0</subfield>
    <subfield code="1">0</subfield>
    <subfield code="2">local</subfield>
    <subfield code="4">0</subfield>
    <subfield code="5">1</subfield>
    <subfield code="7">0</subfield>
    <subfield code="8">TesDigL</subfield>
    <subfield code="a">BD</subfield>
    <subfield code="b">BD</subfield>
    <subfield code="c">E_L</subfield>
    <subfield code="d">2024-08-14</subfield>
    <subfield code="l">0</subfield>
    <subfield code="o">Tesis digital</subfield>
    <subfield code="r">2024-08-14 13:35:24</subfield>
    <subfield code="w">2024-08-14</subfield>
    <subfield code="y">TD</subfield>
  </datafield>
</record>
